000 00228nam a2200097Ia 4500
008 190216s9999||||xx |||||||||||||| ||und||
100 _aArnold K
245 0 _aFifteen Poets
260 _bEnglish Language Book Society
942 _cBK
999 _c11867
_d11867